Statystyki dla Województwa, w których Polacy wypoczywają najczęściej

Kliknij tutaj aby rozwiązać quiz!

Ogólne statystyki

  • Ten quiz został rozwiązany 492 razy
  • Średni wynik to 6 z 8

Statystyki odpowiedzi

odsetekwojewództwo% Poprawnych
26pomorskie
95%
16zachodniopomorskie
84%
27małopolskie
81%
8warmińsko-mazurskie
69%
9mazowieckie
67%
8śląskie
59%
15dolnośląskie
56%
7podkarpackie
51%

Rozkład punktacji

Percentyl według liczby udzielonych odpowiedzi

Procent ludzi z każdym wynikiem

Twoja historia wyników

Nie rozwiązałeś tego quizu